[Event "Florencia Caqueta-ch"]
[Site "Florencia"]
[Date "2021.04.02"]
[Round "5"]
[White "Gomez Barrero, Sergio"]
[Black "Saenz Leyva, Oscar Eduardo"]
[Result "1-0"]
[WhiteElo "1998"]
[BlackElo "1593"]
[PlyCount "60"]
[EventDate "2021.03.30"]
[EventType "swiss"]
[EventRounds "6"]
[EventCountry "COL"]
[SourceTitle "EXT 2022"]
[Source "ChessBase"]
[SourceDate "2021.10.06"]
[SourceVersion "1"]
[SourceVersionDate "2021.10.06"]
[SourceQuality "1"]

1. e4 e5 2. Bc4 Nc6 3. f4 d6 4. Nf3 Be7 5. 0-0 Nf6 6. d3 Bg4 7. c3 0-0 8. h3 Be6 9. Bxe6 fxe6 10. fxe5 dxe5 11. Be3 Qd6 12. Qc2 Rad8 13. Rd1 Nxe4 14. Na3 Nc5 15. Nb5 Qd7 16. d4 exd4 17. Nbxd4 b6 18. Nb3 Qc8 19. Nxc5 Bxc5 20. Bxc5 bxc5 21. Qe4 Ne7 22. Ng5 Ng6 23. Qxe6+ Qxe6 24. Nxe6 Rxd1+ 25. Rxd1 Rb8 26. b3 c4 27. bxc4 Rb2 28. Rd7 Rxa2 29. Rxg7+ Kh8 30. Rxc7 Kg8 1-0

[Event "COL-chT rapid"]
[Site "Cartagena"]
[Date "2019.11.29"]
[Round "6.3"]
[White "Gomez Barrero, Sergio"]
[Black "Mosquera Klinger, Miguel Alonso"]
[Result "1/2-1/2"]
[WhiteElo "2008"]
[BlackElo "2343"]
[PlyCount "119"]
[EventDate "2019.11.29"]
[EventType "team-swiss"]
[EventRounds "7"]
[EventCountry "COL"]
[SourceTitle "CBM 193 Extra"]
[Source "ChessBase"]
[SourceDate "2020.01.31"]
[SourceVersion "1"]
[SourceVersionDate "2020.01.31"]
[SourceQuality "1"]
[WhiteTeam "Caqueta"]
[BlackTeam "Bogota"]
[WhiteTeamCountry "COL"]
[BlackTeamCountry "COL"]

1. e4 Nf6 2. Nc3 e5 3. Bc4 Nc6 4. d3 Bb4 5. Bd2 Bxc3 6. Bxc3 d5 7. exd5 Nxd5 8. Ne2 Be6 9. Bb5 Nxc3 10. Nxc3 0-0 11. Bxc6 bxc6 12. 0-0 Qd4 13. Re1 Rab8 14. Rb1 c5 15. Re4 Qd6 16. b3 f6 17. Ra4 Bd7 18. Rc4 f5 19. Qf3 Rb4 20. Re1 Be6 21. Rxb4 cxb4 22. Na4 Bd5 23. Qe3 Re8 24. f3 a5 25. Qc5 Bc6 26. Qxa5 g6 27. Kh1 e4 28. fxe4 fxe4 29. Qc5 Bxa4 30. Qxd6 cxd6 31. bxa4 e3 32. g3 d5 33. Kg2 d4 34. Kf3 Kg7 35. Rb1 Kf6 36. Ke2 Ke5 37. Rxb4 Rf8 38. Rb5+ Kd6 39. Rb4 Rf2+ 40. Ke1 Kd5 41. Rb5+ Ke6 42. Rb6+ Ke5 43. Rb5+ Kf6 44. Rd5 Rxc2 45. Rxd4 Rxa2 46. h4 h5 47. Re4 Kf5 48. Rxe3 Kg4 49. Re6 Kxg3 50. Rxg6+ Kxh4 51. d4 Rxa4 52. d5 Kh3 53. Ke2 h4 54. d6 Rd4 55. Ke3 Rd1 56. Ke4 Kh2 57. Ke5 h3 58. Ke6 Kh1 59. d7 h2 60. Ke7 1/2-1/2

[Event "COL-chT"]
[Site "Cartagena"]
[Date "2019.11.25"]
[Round "3.4"]
[White "Gomez Barrero, Sergio"]
[Black "Pantoja, Armando Ramiro"]
[Result "1-0"]
[WhiteElo "1982"]
[BlackElo "1824"]
[PlyCount "125"]
[EventDate "2019.11.24"]
[EventType "team-swiss"]
[EventRounds "7"]
[EventCountry "COL"]
[SourceTitle "CBM 193 Extra"]
[Source "ChessBase"]
[SourceDate "2020.01.31"]
[SourceVersion "1"]
[SourceVersionDate "2020.01.31"]
[SourceQuality "1"]
[WhiteTeam "Caqueta"]
[BlackTeam "Narino"]
[WhiteTeamCountry "COL"]
[BlackTeamCountry "COL"]

1. c4 c6 2. e3 d5 3. cxd5 cxd5 4. d4 Nf6 5. Nc3 e6 6. Bd3 Be7 7. Nge2 Nc6 8. a3 a6 9. h3 b5 10. Bd2 Bb7 11. 0-0 0-0 12. Rc1 Rc8 13. f4 Qd7 14. Ng3 g6 15. Qe2 Rfe8 16. Rf2 Bf8 17. Rcf1 Ne7 18. Bb1 Bg7 19. Na2 Ne4 20. Rf3 Nf5 21. Nxf5 exf5 22. Nc1 Re6 23. Nd3 f6 24. b4 Rec6 25. Nc5 Qf7 26. Be1 Re8 27. h4 Bc8 28. h5 g5 29. fxg5 fxg5 30. Nxe4 dxe4 31. Ba2 Rc4 32. Bxc4 bxc4 33. Rxf5 Bxf5 34. g4 Bxg4 35. Qxg4 Qe7 36. Rf5 h6 37. Rc5 Qf7 38. Rc6 Rf8 39. Qe6 Qxe6 40. Rxe6 Rc8 41. Bc3 Kf7 42. Rxa6 Bf8 43. b5 Rb8 44. a4 Ke8 45. Rc6 Kd7 46. Rxc4 Ke6 47. Bb4 Kd5 48. Rc5+ Bxc5 49. dxc5 Ra8 50. a5 Kc4 51. b6 Kb5 52. Kg2 Kc6 53. Kg3 Kb7 54. Bc3 Re8 55. Kg4 Re6 56. Kf5 Re8 57. Bd4 Rf8+ 58. Kxe4 Rf7 59. Kd5 Rf5+ 60. Be5 g4 61. c6+ Ka6 62. b7 Rf8 63. b8Q 1-0

[Event "COL pre olympic sf2"]
[Site "Palmira"]
[Date "2019.05.30"]
[Round "2"]
[White "Gomez Barrero, Sergio"]
[Black "Mateus Urbano, Luis Alejandro"]
[Result "0-1"]
[WhiteElo "2011"]
[BlackElo "2298"]
[PlyCount "44"]
[EventDate "2019.05.29"]
[EventType "swiss"]
[EventRounds "10"]
[EventCountry "COL"]
[SourceTitle "CBM 190 Extra"]
[Source "ChessBase"]
[SourceDate "2019.07.15"]
[SourceVersion "1"]
[SourceVersionDate "2019.07.15"]
[SourceQuality "1"]

1. e4 c5 2. Nf3 d6 3. d4 cxd4 4. Nxd4 Nf6 5. Nc3 a6 6. Be2 e5 7. Nb3 Be7 8. Be3 Be6 9. Bf3 Nbd7 10. g4 h6 11. Rg1 Nb6 12. h4 Nc4 13. Qc1 d5 14. g5 d4 15. gxf6 Bxf6 16. Bd2 dxc3 17. Bxc3 Qb6 18. Qd1 Bxh4 19. Qe2 0-0 20. Nd2 Rfd8 21. b3 Nxd2 22. Bxd2 Bxf2+ 0-1